Finite Element Method With Heat Transfer And Fluid Mechanics Applications (Record no. 217875)

MARC details
000 -LEADER
fixed length control field 00523nam a2200169Ia 4500
008 - FIXED-LENGTH DATA ELEMENTS--GENERAL INFORMATION
fixed length control field 230714s9999 xx 000 0 und d
020 ## - INTERNATIONAL STANDARD BOOK NUMBER
International Standard Book Number 9780000000000
041 ## - LANGUAGE CODE
Language code of text/sound track or separate title eng
082 ## - DEWEY DECIMAL CLASSIFICATION NUMBER
Classification number 620.001535
Item number BAS
100 ## - MAIN ENTRY--PERSONAL NAME
Personal name Baskharone E.A.
9 (RLIN) 199093
245 ## - TITLE STATEMENT
Title Finite Element Method With Heat Transfer And Fluid Mechanics Applications
260 ## - PUBLICATION, DISTRIBUTION, ETC. (IMPRINT)
Date of publication, distribution, etc. 2014
Name of publisher, distributor, etc. Cambridge University Press
300 ## - PHYSICAL DESCRIPTION
Extent 373
365 ## - TRADE PRICE
Currency code Rs.
Price amount 850.00
700 ## - ADDED ENTRY--PERSONAL NAME
Personal name Baskharone E.A.
9 (RLIN) 199093
906 ## - LOCAL DATA ELEMENT F, LDF (RLIN)
d O:0513227-Jun-2016B:174821-Jun-2016
c MECH
b 1989

No items available.